| 000 | 00869cam a22002535a 4500 | ||
|---|---|---|---|
| 001 | 871691 | ||
| 005 | 20180522103618.0 | ||
| 008 | 791010t1979 enka frb 001 0 eng d | ||
| 020 | _a0856647136 | ||
| 040 |
_aDLC _cDLC _dDLC _dEG-ScBUE _beng |
||
| 043 | _ae-uk--- | ||
| 082 | 0 | 4 |
_222 _a362.0420941 _bURB |
| 245 | 0 | 0 |
_aUrban deprivation and the inner city / _cedited by Colin Jones. |
| 260 |
_aLondon : _bCroom Helm, _cc.1979. |
||
| 300 |
_a218 p. : _bill. ; _c23 cm. |
||
| 500 | _a"Papers given to the SSRC Urban and Regional Economics Seminar Group." | ||
| 504 | _aIncludes bibliographical references and index. | ||
| 650 | 7 |
_aCities and towns _zGreat Britain. _2BUEsh |
|
| 650 | 7 |
_aInner cities _zGreat Britain. _2BUEsh |
|
| 651 | 7 |
_aGreat Britain _xSocial conditions _y1945- _2BUEsh |
|
| 653 |
_bGGEN _cMay2018 |
||
| 700 | 1 |
_aJones, Colin, _d1929-2005. |
|
| 942 | _2ddc | ||
| 999 |
_c26763 _d26735 |
||